000 00903nam a22002057a 4500
003 BDDh-ASL
005 20231016062621.0
008 230331s1994 bg ||||| |||| 00| 0 b d
040 _aBDDh-ASL
_cBDDh-ASL
041 _abengali
082 _a927
_bALS
100 1 _aআলী, আহাম্মদ
_97907
245 1 0 _aসুর সম্রাট ওস্তাদ আলাউদ্দিন খাঁ:
_bজীবন ও সাধনা। /
246 _aSur Samrat Ustad Alauddin Kha: Jibon O Sadhona.
260 _aকুমিল্লা:
_bআল হোসেন প্রকাশনী,
_c১৯৯৪।
300 _a১২৭ পৃষ্ঠা:
_c২২ সে.মি.
600 1 0 _aখাঁ, ওস্তাদ আলাউদ্দিন
_cসুর সম্রাট
_97908
650 0 _abiographical dictionary - চরিতাভিধান
_94665
942 _2ddc
_cBK
999 _c31733
_d31733